00839nam a2200229Ia 4500001001000000003000500010008004100015010001100056040000900067100002800076245016600104260003400270300001000304502010600314650001400420650001900434650002700453650003200480650002600512650002100538710005000559Para_8833CHAP220125s2003 xx 000 0 und d a207596 cCHAP aRaymundo Cruz, Gregorio aEfectos de sistemas de labranza sobre la incidencia, daños de plagas del follaje y rendimiento del maíz, en Chapingo, México /c por Gregorio Raymundo Cruz aChapingo, Méx. :b el autor a46 h. aTesis (Ing. Agr. Esp. en Parasitología Agrícola) -- UACh. Departamento Parasitología Agrícola aLabranza  aLabranza cero  aLabranza convencional  aLabranza de conservación  0aMaíz xCompetencia  aMaíz x plagas aUACh. Departamento Parasitología Agrícola